000
00260nam a22001217a 4500
008
170310b xxu||||| |||| 00| 0 eng d
041
_a
eng
080
_2
3 ed
_a
611
100
_a
6
101
_a
shm
245
_a
ANATOMY PHYSIOLOGY
_c
MILLER.L
942
_2
udc
_c
BK
999
_c
7394
_d
7394